000 00195 a2200097 4500
020 _a9780060777371
041 _aspa
100 _aCanfield jack
245 _aLos principios del exito
942 _cBK
999 _c10703
_d10703